Score 0/17 Timer 07:00
0 Plays Today
% Correct
Diagon Alley
95%
The Boy Who Lived
94.2%
The Mirror of Erised
94.2%
The Vanishing Glass
93.4%
The Journey from Platform Nine and Three-Quarters
93.4%
The Keeper of the Keys
92.6%
The Forbidden Forest
92.6%
The Man with Two Faces
91.7%
The Letters from No One
89.3%
% Correct
The Midnight Duel
86.8%
Through the Trapdoor
85.1%
Norbert the Norwegian Ridgeback
84.3%
The Sorting Hat
81%
Halloween
75.2%
Nicolas Flamel
71.1%
The Potions Master
68.6%
Quidditch
67.8%
Remove Ads.
Support Sporcle.
Get the best of Sporcle when you Go Orange. This ad-free experience offers more features, more stats, and more fun while also helping to support Sporcle. Thank you for becoming a member.

You're not logged in!

Compare scores with friends on all Sporcle quizzes.
OR
Log In

Show Comments

Extras

Created Dec 13, 2018ReportNominate
Tags:Harry Potter Quiz

Top Quizzes Today


Score Distribution

Your Account Isn't Verified!

In order to create a playlist on Sporcle, you need to verify the email address you used during registration. Go to your Sporcle Settings to finish the process.

Report this User

Report this user for behavior that violates our Community Guidelines.

Details: